Studying the Yanomamo

Αποθηκεύτηκε σε:
Λεπτομέρειες βιβλιογραφικής εγγραφής
Κύριος συγγραφέας: Chagnon, Napoleon A., 1938-2019
Μορφή: Βιβλίο
Γλώσσα:English
Δημοσίευση: New York : Holt, Rinehart and Winston, c1974
Σειρά:Studies in anthropological method
Θέματα:
Ετικέτες: Προσθήκη ετικέτας
Δεν υπάρχουν, Καταχωρήστε ετικέτα πρώτοι!

MARC

LEADER 00000cam a2200000 i 4500
001 1/26875
008 060323s1974 eng d
020 |a 0-03-081244-5 
035 |l 10083267 
040 |a GR-MY-UA  |b gre  |e aacr 
041 0 |a eng 
082 0 |a 306.08998  |2 (22) 
100 1 |a Chagnon, Napoleon A.,   |d 1938-2019. 
245 1 0 |a Studying the Yanomamo /  |c Napoleon A. Chagnon 
260 |a New York :   |b Holt, Rinehart and Winston,   |c c1974 
300 |a xv, 270 σ.;  |b εικ.;  |c 24 εκ. 
490 1 |a Studies in anthropological method 
504 |a Περιέχει βιβλιογραφία (σ. 268-270) και φιλμογραφία (σ. 263-266) 
650 0 0 |a Anthropology  |x Field work. 
650 0 0 |a Yanomamo Indians. 
830 0 |a Studies in anthropological method 
852 |a INST  |b LESVOS  |e 20060323  |h 306.08998 CHA  |p 005100034783  |q 005100034783  |t BK  |y 0 
901 |a BIBL1-2006-1 
909 |a Λ  |b 126140 
970 |a ΚΑΡΑ  |b ΓΙΑΣΕΜΗ  |z 2006/03/23